Tribhuvan University Central Library

Environmental science; an introduction (Record no. 10082)

MARC details
000 -LEADER
fixed length control field 004280000a22001810004500
082 ## - DEWEY DECIMAL CLASSIFICATION NUMBER
Classification number 304.2
Item number M614e
041 ## - LANGUAGE CODE
Language code of text/sound track or separate title Eng
100 ## - MAIN ENTRY--PERSONAL NAME
Personal name Miller, George Tyler
245 ## - TITLE STATEMENT
Title Environmental science; an introduction
250 ## - EDITION STATEMENT
Edition statement 2nd edn
260 ## - PUBLICATION, DISTRIBUTION, ETC. (IMPRINT)
Place of publication, distribution, etc California
Name of publisher, distributor, etc Wadsworth Publishing
260 ## - PUBLICATION, DISTRIBUTION, ETC. (IMPRINT)
Date of publication, distribution, etc 1986
300 ## - PHYSICAL DESCRIPTION
Extent xiv,407p.
Other physical details figrs.,tables.
530 ## - ADDITIONAL PHYSICAL FORM AVAILABLE NOTE
Additional physical form available note M
650 ## - SUBJECT ADDED ENTRY--TOPICAL TERM
Topical term or geographic name as entry element Human ecology
650 ## - SUBJECT ADDED ENTRY--TOPICAL TERM
Topical term or geographic name as entry element Environment
942 ## - ADDED ENTRY ELEMENTS (KOHA)
Koha item type General Collections

No items available.